|
|
|
|
| LEADER |
01502nam a2200277 a 4500 |
| 001 |
GR-MES11552 |
| 008 |
070220s gr b 000 0 gre d |
| 020 |
|
|
|a 9602104015
|
| 040 |
|
|
|a GrPaTEI
|b gre
|c GR-PaULI
|
| 040 |
|
|
|a GrPaTEI
|b gre
|c GR-PaULI
|
| 082 |
|
0 |
|a 301
|2 21
|
| 100 |
1 |
|
|a ΧΑΡΑΛΑΜΠΟΥΣ, ΚΥΡΙΑΚΟΣ
|
| 245 |
1 |
3 |
|a Το αντικείμενο της Κοινωνιολογίας :
|b Ο ανθρωπο-κοινωνικός σχηματισμός: Ένα υπόδειγμα /
|c Κυριάκος Χαραλάμπους.
|
| 260 |
|
|
|a Αθήνα :
|b Οδυσσέας,
|c 2001
|
| 300 |
|
|
|a 495σ. :
|b σχ. ;
|c 20εκ.
|
| 504 |
|
|
|a Περιλαμβάνει βιβλιογραφία.
|
| 650 |
|
0 |
|a Social sciences
|
| 650 |
|
0 |
|a Sociology
|
| 650 |
|
4 |
|a Κοινωνικές επιστήμες
|
| 650 |
|
4 |
|a Κοινωνική δομή
|
| 650 |
|
4 |
|a Κοινωνιολογία
|
| 942 |
|
|
|2 ddc
|
| 952 |
|
|
|0 0
|1 0
|2 ddc
|4 0
|6 301_000000000000000_ΧΑΡ
|7 0
|9 270484
|a MSLG
|b MSLG
|c BSC
|d 2021-01-17
|e 24
|f 0
|g 0.00
|l 0
|o 301 ΧΑΡ
|p 2420000021287
|r 2021-01-17 00:00:00
|t 1
|w 2021-01-17
|y BK15
|x 20070220 0 1
|x GrPaTEI
|
| 952 |
|
|
|0 0
|1 0
|2 ddc
|4 0
|6 301_000000000000000_ΧΑΡ
|7 0
|9 270485
|a MSLG
|b MSLG
|c BSC
|d 2021-01-17
|e 24
|f 0
|g 0.00
|l 0
|o 301 ΧΑΡ
|p 2420000021288
|r 2021-01-17 00:00:00
|t 1
|w 2021-01-17
|y BK15
|x BAΣΙΛΕΙΑΔΗΣ ΒΑΣΙΛΕΙΟΣ ΕΡΓΑΣΤΗΡΙΟ ΚΟΙΝΩΝΙΚΗΣ ΠΛΗΡΟΦΟΡΙΚΗΣ ΤΜ ΔΕΜΕΣ
|x 20070220 0 1
|x GrPaTEI
|
| 971 |
|
|
|a .b25775996
|b 16-04-20
|c 13-09-16
|
| 999 |
|
|
|c 156226
|d 156226
|